| 000 | 00000nam 2200000zi 4500 |
| 001 | 9.857395 |
| 003 | CaOODSP |
| 005 | 20221107155741 |
| 006 | m o d f |
| 007 | cr cn||||||||| |
| 008 | 180605t20182018qucab ob f000 0 fre d |
| 020 | |a9780660268125 |
| 020 | |z9780660268132 |q(incorrect) |
| 040 | |aCaOODSP|bfre|erda|cCaOODSP |
| 043 | |an-cn--- |
| 086 | 1 |aR62-552/2018F-PDF|zR62-552/2018F |
| 245 | 00|aUnis avec la nature : |bune approche renouvelée de la conservation des terres et de l'eau douce au Canada : un rapport des ministères fédéraux, provinciaux et territoriaux responsables des parcs, des aires protégées, de la conservation, de la faune et de la biodiversité du Canada. |
| 264 | 1|a[Gatineau, Québec] : |b[Parcs Canada], |c[2018] |
| 264 | 4|c©2018 |
| 300 | |a1 ressource en ligne (51 pages) : |billustrations en couleur, carte en couleur |
| 336 | |atexte|btxt|2rdacontent/fre |
| 337 | |ainformatique|bc|2rdamedia/fre |
| 338 | |aressource en ligne|bcr|2rdacarrier/fre |
| 500 | |aPublié aussi en anglais sous le titre : One with nature : a renewed approach to land and freshwater conservation in Canada : a report of Canada's federal, provincial and territorial departments responsible for parks, protected areas, conservation, wildlife and biodiversity. |
| 504 | |aComprend des références bibliographiques (pages 50-51). |
| 520 | |a« Unis avec la nature : Une approche renouvelée de la conservation des terres et de l'eau douce au Canada présente les possibilités pancanadiennes élaborées conjointement par les gouvernements fédéral, provinciaux et territoriaux pour appuyer les progrès réalisés vers l'atteinte des composantes des terres et des eaux intérieurs de l'Objectif 1 du Canada, le premier des 19 buts et objectifs canadiens pour la biodiversité. Cet objectif stipule que : « D'ici 2020, au moins 17 % des terres et des eaux intérieures et 10 % des zones côtières et maritimes seront conservées au sein de réseaux d'aires protégées et par l'entremise d'autres mesures efficaces de conservation »» -- Résumé, page 4. |
| 650 | 6|aAires protégées|zCanada|xPlanification. |
| 650 | 6|aBiodiversité|xConservation|zCanada|xPlanification. |
| 650 | 6|aAutochtones|xAspect de l'environnement|zCanada. |
| 710 | 2 |aParcs Canada, |eorganisme de publication. |
| 775 | 08|tOne with nature : |w(CaOODSP)9.857393 |
| 776 | 0#|tUnis avec la nature : |w(CaOODSP)9.857397 |
| 856 | 40|qPDF|s1.65 Mo|uhttps://publications.gc.ca/collections/collection_2022/pc/R62-552-2018-fra.pdf |